Fire behavior and arson investigation / (Record no. 17411)
[ view plain ]
| 000 -LEADER | |
|---|---|
| fixed length control field | 00628nam a2200181 4500 |
| 008 - FIXED-LENGTH DATA ELEMENTS--GENERAL INFORMATION | |
| fixed length control field | 221012b ||||| |||| 00| 0 eng d |
| 020 ## - INTERNATIONAL STANDARD BOOK NUMBER | |
| International Standard Book Number | 9786214182176 |
| 082 ## - DEWEY DECIMAL CLASSIFICATION NUMBER | |
| Edition number | 2021 |
| Classification number | DFil 363.25964 |
| Item number | B969 |
| 100 ## - MAIN ENTRY--PERSONAL NAME | |
| Personal name | Bustria, Leonardo A. |
| 9 (RLIN) | 46334 |
| 245 ## - TITLE STATEMENT | |
| Title | Fire behavior and arson investigation / |
| Statement of responsibility, etc. | Leonardo A. Bustria. |
| 250 ## - EDITION STATEMENT | |
| Edition statement | Third edition. |
| 260 ## - PUBLICATION, DISTRIBUTION, ETC. (IMPRINT) | |
| Place of publication, distribution, etc. | Quezon City : |
| Name of publisher, distributor, etc. | Wiseman's Books trading, Inc., |
| Date of publication, distribution, etc. | ©2021. |
| 300 ## - PHYSICAL DESCRIPTION | |
| Extent | vi, 273 pages : |
| Other physical details | illustrations ; |
| Dimensions | 22 cm. |
| 500 ## - GENERAL NOTE | |
| General note | Includes bibliographical references.<br/> |
| 650 ## - SUBJECT ADDED ENTRY--TOPICAL TERM | |
| Topical term or geographic name as entry element | Fire behavior. |
| 9 (RLIN) | 46335 |
| 650 ## - SUBJECT ADDED ENTRY--TOPICAL TERM | |
| Topical term or geographic name as entry element | Arson investigation. |
| 9 (RLIN) | 46336 |
| 942 ## - ADDED ENTRY ELEMENTS (KOHA) | |
| Source of classification or shelving scheme | Dewey Decimal Classification |
| Koha item type | Filipiniana |
| Withdrawn status | Lost status | Source of classification or shelving scheme | Damaged status | Not for loan | Collection code | Home library | Current library | Date acquired | Source of acquisition | Cost, normal purchase price | Total Checkouts | Full call number | Barcode | Date last seen | Copy number | Price effective from | Koha item type | Shelving location | Date last checked out |
|---|---|---|---|---|---|---|---|---|---|---|---|---|---|---|---|---|---|---|---|
| Dewey Decimal Classification | Filipiniana | UM Digos College - LIC | UM Digos College - LIC | 08/16/2022 | Purchased | 450.00 | DFil 363.25964 B969 2021 | 26968 | 10/12/2022 | 1 | 10/12/2022 | Filipiniana | |||||||
| Dewey Decimal Classification | Filipiniana | UM Digos College - LIC | UM Digos College - LIC | 08/16/2022 | Purchased | 450.00 | DFil 363.25964 B969 2021 | 26969 | 05/15/2025 | 2 | 10/12/2022 | Filipiniana | |||||||
| Dewey Decimal Classification | Filipiniana | UM Digos College - LIC | UM Digos College - LIC | 08/16/2022 | Purchased | 450.00 | 1 | DFil 363.25964 B969 2021 | 26970 | 05/15/2025 | 3 | 10/12/2022 | Reserve | Book Cart | 04/02/2025 |
